| 000 | 00772nam a22002057a 4500 | ||
|---|---|---|---|
| 999 |
_c20339 _d20339 |
||
| 003 | AR-CdUCM | ||
| 008 | 190529b ||||| |||| 00| 0 spa d | ||
| 040 |
_aMUNICIPALIDAD PROVINCIAL DEL CUSCO _cBIBLIOTECA MUNICIPAL DEL CUSCO |
||
| 082 |
_a332.4 / _bK65 |
||
| 100 |
_aKnight, Harold M _942527 |
||
| 245 | _aIntroducción al análisis monetario / | ||
| 260 |
_aMéxico : _bCentro de estudios monetarios Latinoamericanos, _c1959. |
||
| 300 |
_a204 páginas ; _bGráficos, Cuadros _c23 cm |
||
| 505 | _aContenido : La importancia del dinero -- Dinero y precios -- Dinero y tipos de cambio -- Análisis de los balances... | ||
| 650 |
_aAnálisis monetario _942528 |
||
| 650 |
_aBalance del dinero _942529 |
||
| 650 |
_aTasas _942530 |
||
| 942 |
_2ddc _cLIBROS |
||
| 945 | _arcc | ||